Abdine Palace Museums : the Military Museum, the Museum for President Mubarak's Gifts, the Silverware Museum.

Saved in:

Corporate Authors: Abdine Palace Museums (Cairo, Egypt), Majlis al-Ala lil-Athar (Egypt)

Format: Book

Language: English

Published: [Cairo] : [Ministry of Culture, Supreme Council of Antiquities], [1998].

Subjects:

Tags: Add Tag

No Tags, Be the first to tag this record!

Call Number: DT59 .C243 A23 1998

LEADER 00839cam a2200241 a 4500
001 ocm42798022
003 OSt
005 20260510143144.0
008 990608s1998 ua a f000 0 eng
020 |a 9789773050177  |q (paperback) 
020 |a 9773050173  |q (paperback) 
040 |c ARCE Library 
043 |a f-ua--- 
050 4 |a DT59 .C243 A23 1998 
110 2 |a Abdine Palace Museums (Cairo, Egypt) 
245 1 0 |a Abdine Palace Museums :  |b the Military Museum, the Museum for President Mubarak's Gifts, the Silverware Museum. 
264 1 |a [Cairo] :  |b [Ministry of Culture, Supreme Council of Antiquities],  |c [1998]. 
300 |a 1 volume (unpaged) :  |b color illustrations ;  |c 22 cm. 
610 2 0 |a Abdine Palace Museums (Cairo, Egypt) 
710 2 |a Majlis al-Ala lil-Athar (Egypt) 
901 |a reviewed 
942 |2 lcc  |c BK 
999 |c 55307  |d 55307